<?xml version="1.0" encoding="UTF-8"?>
<collection xmlns="http://www.loc.gov/MARC21/slim">
    <record>
        <controlfield tag="001">6367</controlfield>
        <controlfield tag="005">20150325135850.0</controlfield>
        <datafield tag="037" ind1=" " ind2=" ">
            <subfield code="a">TAZ-PFC-2011-531</subfield>
        </datafield>
        <datafield tag="041" ind1=" " ind2=" ">
            <subfield code="a">spa</subfield>
        </datafield>
        <datafield tag="100" ind1="1" ind2=" ">
            <subfield code="a">Prieto Muñoz, Estela María</subfield>
        </datafield>
        <datafield tag="245" ind1="0" ind2="0">
            <subfield code="a">Preparación de composites a partir de materiales nanoestructurados de carbono</subfield>
        </datafield>
        <datafield tag="260" ind1=" " ind2=" ">
            <subfield code="a">Zaragoza</subfield>
            <subfield code="b">Universidad de Zaragoza</subfield>
            <subfield code="c">2011</subfield>
        </datafield>
        <datafield tag="506" ind1=" " ind2=" ">
            <subfield code="a">by-nc-sa</subfield>
            <subfield code="b">Creative Commons</subfield>
            <subfield code="c">3.0</subfield>
            <subfield code="u">http://creativecommons.org/licenses/by-nc-sa/3.0/</subfield>
        </datafield>
        <datafield tag="521" ind1=" " ind2=" ">
            <subfield code="a">Ingeniero Técnico Industrial (Esp. Química Industrial)</subfield>
        </datafield>
        <datafield tag="520" ind1=" " ind2=" ">
            <subfield code="a">En los últimos años las nanoestructuras de carbono han cobrado gran importancia gracias a sus ventajosas propiedades físico-químicas, pudiendo ser adecuadas a diferentes aplicaciones mediante la variación de las condiciones de síntesis. La obtención de materiales compuestos de matriz polimérica capaces de conducir la electricidad, puede generar un amplio espectro de aplicaciones en las que en la actualidad se deben utilizar metales (por su conductividad intrínseca), o matrices plásticas cargadas con gran cantidad de aditivos para conseguir una mínima conductividad. Así, los nanofilamentos de carbono son capaces de conducir la corriente eléctrica, por lo que es posible fabricar materiales compuestos conductores y aplicarlos en sectores como el pintado o la disipación electrostáticos. En este contexto, el principal objetivo del Proyecto: “Preparación de composites a partir de materiales nanoestructurados de carbono” consiste en el estudio y comparación de las propiedades físico-químicas de distintos nanofilamentos de carbono como aditivo en materiales compuestos poliméricos con propiedades eléctricas mejoradas. Para ello, se han caracterizado los nanofilamentos de carbono utilizados para la preparación de los composites, se ha realizado un amplio estudio de la conductividad eléctrica de los nanofilamentos en polvo y de los composites preparados, y se ha optimizado el método de preparación de estos últimos con el objetivo de aumentar la conductividad eléctrica de los mismos. El Proyecto Final de Carrera ha sido realizado en el Instituto de Carboquímica (ICB), perteneciente al Consejo Superior de Investigaciones Científicas (CSIC). Este trabajo se enmarca en una de las líneas de investigación del Grupo de Conversión de Combustibles que trata de determinar la viabilidad de la aplicación de los nanofilamentos obtenidos en el proceso de Descomposición Catalítica de Metano (DCM) como aditivo en composites. Las propiedades de las nanoestructuras de carbono, y por extensión la de los composites preparados a partir de éstas, pueden adecuarse a una aplicación determinada mediante la variación tanto de la composición del catalizador como de la temperatura de tratamiento de los nanofilamentos; se ha observado una mejor conductividad eléctrica a altas temperaturas de tratamiento, a consecuencia de una reducción de los defectos superficiales de los mismos y un mayor orden estructural.</subfield>
        </datafield>
        <datafield tag="540" ind1=" " ind2=" ">
            <subfield code="a">Derechos regulados por licencia Creative Commons</subfield>
        </datafield>
        <datafield tag="653" ind1="1" ind2=" ">
            <subfield code="a">composites</subfield>
        </datafield>
        <datafield tag="653" ind1="1" ind2=" ">
            <subfield code="a">nanocomposites</subfield>
        </datafield>
        <datafield tag="653" ind1="1" ind2=" ">
            <subfield code="a">nanofibras de carbono</subfield>
        </datafield>
        <datafield tag="653" ind1="1" ind2=" ">
            <subfield code="a">conductividad eléctrica</subfield>
        </datafield>
        <datafield tag="700" ind1=" " ind2=" ">
            <subfield code="a">Suelves Laiglesia, Isabel</subfield>
            <subfield code="e">dir.</subfield>
        </datafield>
        <datafield tag="700" ind1=" " ind2=" ">
            <subfield code="a">Torres Gamarra, Daniel</subfield>
            <subfield code="e">dir.</subfield>
        </datafield>
        <datafield tag="700" ind1=" " ind2=" ">
            <subfield code="a">Llobet Cucalón, Saúl Francisco de</subfield>
            <subfield code="e">dir.</subfield>
        </datafield>
        <datafield tag="710" ind1="2" ind2=" ">
            <subfield code="a">Universidad de Zaragoza</subfield>
            <subfield code="b">Química Orgánica y Química Física</subfield>
            <subfield code="c">Química Física</subfield>
        </datafield>
        <datafield tag="720" ind1="2" ind2=" ">
            <subfield code="a">Teruel Maicas, María Isabel</subfield>
            <subfield code="e">ponente</subfield>
        </datafield>
        <datafield tag="856" ind1="0" ind2=" ">
            <subfield code="f">574393@celes.unizar.es</subfield>
        </datafield>
        <datafield tag="856" ind1="4" ind2=" ">
            <subfield code="s">43891750</subfield>
            <subfield code="u">http://zaguan.unizar.es/record/6367/files/TAZ-PFC-2011-531_ANE.pdf</subfield>
            <subfield code="y">Anexos (spa)</subfield>
        </datafield>
        <datafield tag="856" ind1="4" ind2=" ">
            <subfield code="s">5239926</subfield>
            <subfield code="u">http://zaguan.unizar.es/record/6367/files/TAZ-PFC-2011-531.pdf</subfield>
            <subfield code="y">Memoria (spa)</subfield>
        </datafield>
        <datafield tag="909" ind1="C" ind2="O">
            <subfield code="o">oai:zaguan.unizar.es:6367</subfield>
            <subfield code="p">driver</subfield>
            <subfield code="p">proyectos-fin-carrera</subfield>
        </datafield>
        <datafield tag="950" ind1=" " ind2=" ">
            <subfield code="a"></subfield>
        </datafield>
        <datafield tag="980" ind1=" " ind2=" ">
            <subfield code="a">TAZ</subfield>
            <subfield code="b">PFC</subfield>
            <subfield code="c">EUITIZ</subfield>
        </datafield>
    </record>

    
</collection>